000 00641nam a2200205 i 4500
001 31319
003 ES-MaACL
005 20251004063054.0
007 t|
008 030128s1959 sp ||||1| spa d
100 1 _aBeladiez, Emilio,
_cMarqués de la Conquista Real,
_d1916-1999
_927112
245 1 0 _aAlmanzor
_b: un césar andaluz /
_cEmilio Beladiez.
260 _a[San Sebastián] :
_bEscelicer,
_c[1959]
300 _a182 p. ;
_c19 cm.
490 1 _aColección "21" ;
_v21
600 0 4 _aAlmanzor.
_920092
830 0 _aColección "21" ;
_v21
_9180842
852 _aES-MaACL
_jC-16175
_bR.44151
999 _c31319
_d31319